LEADER 00858cam0 2200265 450 001 E600200057971 005 20160421152959.0 100 $a20091223d1970 |||||ita|0103 ba 101 $aita 102 $aIT 200 1 $aSolone$fEva Cantarella 210 $aTorino$cUnione Tipografico-Editrice Torinese$dstampa 1970 215 $a19 p.$d30 cm 300 $a(mm) 300 $aEstr. da: Novissimo digesto italiano 700 1$aCantarella$b, Eva$3AF00011403$4070$0144284 801 0$aIT$bUNISOB$c20160421$gRICA 850 $aUNISOB 852 $aUNISOB$jFondo|Casavola|Opusc$m148251 912 $aE600200057971 940 $aM 102 Monografia moderna SBN 941 $aM 957 $aFondo|Casavola|Opusc$b000088$gSi$d148251$hCasavola$rdono$1menle$2UNISOB$3UNISOB$420091223081821.0$520160421152959.0$6petrellap 996 $aSolone$91707374 997 $aUNISOB